000 00308 a2200157 4500
001 193161
020 _a978-85-7160-354-7
040 _cMagnum
100 _aNery, Eliene
240 1 0 _aNovato
_lpor
245 1 0 _aNovato
300 _a16
362 0 _a2009
697 _aLITERATURA INFANTIL
942 _cBK
999 _c193161
_d193161